000 00509nam a2200181Ia 4500
999 _c1684
_d1684
003 OSt
005 20200925122234.0
008 190216s9999||||xx |||||||||||||| ||und||
020 _a8171582435
040 _coclc
082 _a574.5
_bTRI/E
100 _aTrivedi, P R
_95004
245 0 _aEnvironmental Ecology /
_cP R Trivedi ; Gurdeep Raj
260 _bAkashdeep Pub House,
_aNew Delhi:
_c2002.
300 _a502p
650 _aBotany
942 _cBK
_2ddc
_h574.5
_iTRI/E
_k574.5
_mTRI/E